Statistieken voor Snel reken quiz zo maar even tussendoor quiz 9

Klik hier om de quiz te nemen!

Algemene statistieken

  • Deze quiz is 141 keer genomen
  • De gemiddelde score is 13 van 15

Antwoordstatistieken

HintAntwoord% Correct
1 x 6 =6
100%
2 x 6 =12
91%
11 x 6 =66
91%
15 x 6 =90
91%
3 x 6 =18
87%
4 x 6 =24
87%
13 x 6 =78
87%
5 x 6 =30
83%
10 x 6 =60
83%
12 x 6 =72
83%
14 x 6 =84
83%
9 x 6 =54
78%
8 x 6 =48
74%
6 x 6 =36
70%
7 x 6 =42
65%

Scoreverdeling

Percentiel versus Aantal Correcte Antwoorden

Procent van Mensen met Elke Score

Uw Scoregeschiedenis

U heeft deze quiz nog niet genomen